| 000 | 00539nam a22002057a 4500 | ||
|---|---|---|---|
| 001 | 216219303 | ||
| 003 | UA-OsUOA | ||
| 005 | 20200923114221.0 | ||
| 008 | 200923b un ||||| |||| 00| 0 ukr d | ||
| 040 |
_aUA-OsUOA _bukr _cUA-OsUOA _dUA-OsUOA |
||
| 041 | _aukr | ||
| 080 | _a51 | ||
| 090 | _a51 | ||
| 245 |
_aМетоды решения обратных задач _cпод ред. М. М. Лаврентьева |
||
| 260 |
_aНовосибирск _c1990 |
||
| 300 | _a145 с. | ||
| 650 | _251 | ||
| 942 |
_2udc _cBK |
||
| 955 | _a1 | ||
| 999 |
_c463430 _d463430 |
||